Comparative Constitutional Reasoning.
保存先:
| その他の著者: | , , |
|---|---|
| フォーマット: | 不明 |
| 出版事項: |
Cambridge, United Kingdom:
Cambridge University Press,
2018.
|
| 主題: | |
| タグ: |
タグ追加
タグなし, このレコードへの初めてのタグを付けませんか!
|
MARC
| LEADER | 00000 a2200000 4500 | ||
|---|---|---|---|
| 003 | CL-VaPUC | ||
| 005 | 20241106111209.0 | ||
| 008 | 241025t2018 ||||| |||| 00| 0 eng d | ||
| 999 | |c 444856 |d 444854 | ||
| 020 | |a 9781107449763 | ||
| 040 | |c Pontificia Universidad Católica de Valparaíso | ||
| 082 | |a 340.11 JAK 2018 | ||
| 100 | |a Jakab, András |9 891708 |e editor | ||
| 245 | |a Comparative Constitutional Reasoning. | ||
| 260 | |a Cambridge, United Kingdom: |b Cambridge University Press, |c 2018. | ||
| 300 | |a xii, 854 páginas. | ||
| 583 | |k Gabriela Rodriguez Cuevas |c 20241025 | ||
| 650 | |a Derecho constitucional y administrativo |9 892963 | ||
| 650 | |a Estudio comparado |x Estudio de casos |9 892964 | ||
| 700 | |9 892835 |a Dyevre, Arthur |e editor | ||
| 700 | |9 892836 |a Itzcovich, Giulio |e editor | ||
| 942 | |2 ddc |c BK | ||
| 952 | |0 0 |1 0 |2 ddc |4 0 |6 340_110000000000000_JAK_2018 |7 0 |8 A |9 597562 |a BIBDER |b BIBDER |d 2024-10-24 |e 3 |g 68738.00 |i 5663056 |o 340.11 JAK 2018 |p 5663056 |r 2024-10-24 |t 1 |v 68738.00 |w 2024-10-24 |y BK |k DER | ||